BSOP header

The power to be : (Record no. 34509)

MARC details
000 -LEADER
fixed length control field 00562nam a2200169 4500
008 - FIXED-LENGTH DATA ELEMENTS--GENERAL INFORMATION
fixed length control field 010727s2000 ph eng
020 ## - INTERNATIONAL STANDARD BOOK NUMBER
International Standard Book Number 9715061249 :Php100.00
090 ## - LOCALLY ASSIGNED LC-TYPE CALL NUMBER (OCLC); LOCAL CALL NUMBER (OCLC)
Classification number (OCLC) (R) ; Classification number, CALL (RLIN) (NR) B105.L45
Local cutter number (OCLC) ; Book number/undivided call number, CALL (RLIN) H78p
100 1# - MAIN ENTRY--PERSONAL NAME
Personal name Hornedo, Florentino H.
245 14 - TITLE STATEMENT
Title The power to be :
Remainder of title a phenomenology of freedom.
260 ## - PUBLICATION, DISTRIBUTION, ETC. (IMPRINT)
Place of publication, distribution, etc Manila :
Name of publisher, distributor, etc UST Publishing House,
Date of publication, distribution, etc 2000.
300 ## - PHYSICAL DESCRIPTION
Extent xiv, 195 p. ;
Dimensions 23 cm.
500 ## - GENERAL NOTE
General note Includes bibliographical references and index.
650 #4 - SUBJECT ADDED ENTRY--TOPICAL TERM
Topical term or geographic name as entry element Liberty.
951 ## - EQUIVALENCE OR CROSS-REFERENCE-GEOGRAPHIC NAME/AREA NAME [OBSOLETE] [CAN/MARC only]
General subdivision 00039372
951 ## - EQUIVALENCE OR CROSS-REFERENCE-GEOGRAPHIC NAME/AREA NAME [OBSOLETE] [CAN/MARC only]
-- 33880
-- FILB105.L45/H78p
-- 100726125104156
-- 2000-12-21
Holdings
Withdrawn status Lost status Damaged status Not for loan Home library Current library Date acquired Accession number Shelving control number Total Checkouts Full call number Barcode Date last seen Price effective from Koha item type
        BSOP Library BSOP Library 12/21/2000 33880 127   FILB105.L45/H78p 00039372 02/23/2013 02/23/2013 Books
BSOP

Biblical Seminary of the Philippines
  All rights Reserved
  © 2024

CONTACT INFORMATION

Biblical Seminary of the Philippines,
  77-B Karuhatan Road, Valenzuela City,
  PHILIPPINES 1441
  Phone: +632 8292-6795 / 8292-6798
  Fax : +632 8292-6675
  Email: library@bsop.edu.ph